000 00612nam a22002057a 4500
003 NLp
005 20140310181718.0
008 130228t xxu||||| |||| 00| 0 eng d
020 _a9714205859
050 _aKPM 1750
_b.N152 2005
082 _aFIL 342
_2.N152 2005
245 _aDiscourses on the 1987 Philippine constitution
_ba textbook on Philippine constitution and government
_cNaguit, Reynaldo S.
260 _a[S.l.]
_bTrinitas Pub.
_c2005
300 _a321 p.
_bill.
_c26 cm.
521 _acollege students
526 _c1210L-1700L
541 _j1
562 _e1
942 _2lcc
_cBK-FIL
_kFIL
999 _c1895
_d1895